Statistiques concernant Effectif Paris SG saison 2023-2024

Cliquez ici pour prendre le quiz!

Statistiques générales

  • Ce quiz a été pris 178 fois
    (117 depuis la dernière actualisation)
  • Le résultat moyen est 24 sur 30

Statistiques - réponses

PosteNationalitéRéponses% Correct
GardienCosta RicaKeylor Navas
100%
AttaquantFranceKylian Mbappé
99%
DéfenseurBrésilMarquinhos
97%
DéfenseurMarocAchraf Hakimi
95%
AttaquantPortugalGonçalo Ramos
93%
EntraineurEspagneLuis Enrique
93%
DéfenseurSlovaquieMilan Skriniar
92%
MilieuPortugalVitinha
92%
MilieuCorée du SudLee Kang-in
91%
AttaquantFranceOusmane Dembélé
91%
GardienItalieGianluigi Donnarumma
90%
MilieuUruguayManuel Ugarte
89%
MilieuPortugalDanilo Pereira / Danilo
87%
MilieuEspagneFabian Ruiz
87%
DéfenseurFrancePresnel Kimpembe
87%
DéfenseurFranceLucas Hernandez
86%
DéfenseurPortugalNuno Mendes
86%
AttaquantFranceBradley Barcola
84%
MilieuEspagneCarlos Soler
82%
MilieuFranceWarren Zaire Emery / Emery
82%
AttaquantEspagneMarco Asensio
79%
AttaquantFranceRandal Kolo-Muani / Muani
78%
DéfenseurBrésilLucas Beraldo
77%
GardienFranceAlexandre Letellier
74%
GardienEspagneSergio Rico
74%
GardienEspagneArnau Tenas
67%
DéfenseurFranceNordi Mukiele
59%
DéfenseurFranceLayvin Kurzawa
51%
Milieu (actuellement en pret à Braga)ItalieCher Ndour
46%
GardienFranceLouis Mouquet
10%

Distribution des résultats

Percentile par nombre de réponses

% des personnes avec chaque résultat

Votre développement - résultats

Vous n’avez pas pris ce quiz depuis la dernière actualisation